000 00559nam a2200229Ia 4500
003 OSt
005 20220924143149.0
006 a|||||r|||| 00| 0
007 ta
008 220923b |||||||| |||| 00| 0 ori d
024 _a307017
037 _cTextual
040 _aARTS
_cARTS
_bORI
041 _2ORI
_aORI
082 _aO1591,1M77x, K5
100 _aDas G.
_9214956
245 0 _aGo Mahatmya
260 _c1965
650 _aORIYA LITERATURE
_927692
942 _hO1591,1M77x, K5
_cTEXL
_2CC
999 _c453447
_d453447